MARC details
| 000 -LEADER |
| campo de control de longitud fija |
02139nam a2200445 c 4500 |
| 001 - NÚMERO DE CONTROL |
| campo de control |
193130 |
| 003 - IDENTIFICADOR DE NÚMERO DE CONTROL |
| campo de control |
SpMaBN |
| 005 - FECHA Y HORA DE LA ÚLTIMA TRANSACCIÓN |
| campo de control |
20251121130606.0 |
| 007 - CAMPO FIJO DE DESCRIPCIÓN FÍSICA--INFORMACIÓN GENERAL |
| campo de control de longitud fija |
ta |
| 008 - DATOS DE LONGITUD FIJA--INFORMACIÓN GENERAL |
| campo de control de longitud fija |
230822s2022 sp a | ||||o000 0 spa |
| 017 ## - NÚMERO DE COPYRIGHT O DE DEPÓSITO LEGAL |
| Número de copyright o de depósito legal |
M 20431-2022 |
| Agencia que asigna |
Oficina Depósito Legal Madrid |
| 020 ## - NÚMERO INTERNACIONAL ESTÁNDAR DEL LIBRO |
| Número Internacional Estándar del Libro |
9788478128372 |
| 035 ## - NÚMERO DE CONTROL DEL SISTEMA |
| Número de control de sistema |
a7184477 |
| 040 ## - FUENTE DE CATALOGACIÓN |
| Centro catalogador/agencia de origen |
SpMaBN |
| Lengua de catalogación |
spa |
| Centro/agencia transcriptor |
SpMaBN |
| Normas de descripción |
rda |
| Centro/agencia modificador |
ES-MaACL |
| 080 ## - NÚMERO DE LA CLASIFICACIÓN DECIMAL UNIVERSAL |
| Número de la Clasificación Decimal Universal |
77 Barrios Mufrege, José Miguel (083.824) |
| 080 ## - NÚMERO DE LA CLASIFICACIÓN DECIMAL UNIVERSAL |
| Número de la Clasificación Decimal Universal |
77.03:902(460)(083.824) |
| 080 ## - NÚMERO DE LA CLASIFICACIÓN DECIMAL UNIVERSAL |
| Número de la Clasificación Decimal Universal |
903(620.319 Lúxor)(083.824) |
| 100 1# - ENTRADA PRINCIPAL--NOMBRE DE PERSONA |
| Nombre de persona |
Barrios Mufrege, José Miguel |
| 9 (RLIN) |
234011 |
| 245 10 - MENCIÓN DEL TÍTULO |
| Título |
Arqueología canaria en Egipto : |
| Resto del título |
fotografías de José Miguel Barrios Mufrege en la Tumba Tebana 209, Luxor / |
| Mención de responsabilidad, etc. |
comisario, Miguel Ángel Molinero Polo ; textos, Miguel Ángel Molinero Polo |
| 264 #1 - PRODUCCIÓN, PUBLICACIÓN, DISTRIBUCIÓN, FABRICACIÓN Y COPYRIGHT |
| Producción, publicación, distribución, fabricación y copyright |
[Madrid] : |
| Nombre del de productor, editor, distribuidor, fabricante |
Museo de San Isidro, Los Orígenes de Madrid, |
| Fecha de producción, publicación, distribución, fabricación o copyright |
[2022] |
| 300 ## - DESCRIPCIÓN FÍSICA |
| Extensión |
117 páginas : |
| Otras características físicas |
ilustraciones (blanco y negro y color), planos (blanco y negro y color) ; |
| Dimensiones |
25 cm |
| 336 ## - TIPO DE CONTENIDO |
| Término de tipo de contenido |
Texto |
| -- |
Imagen fija |
| Fuente |
rdacontent |
| 337 ## - TIPO DE MEDIO |
| Nombre/término del tipo de medio |
sin mediación |
| Fuente |
rdamedia |
| 338 ## - TIPO DE SOPORTE |
| Nombre/término del tipo de soporte |
volumen |
| Fuente |
rdacarrier |
| 500 ## - NOTA GENERAL |
| Nota general |
Exposición: Museo de San Isidro. Los Orígenes de Madrid, Madrid, del 14 de julio al 27 de noviembre de 2022 |
| 500 ## - NOTA GENERAL |
| Nota general |
Catalogación provisional. Signatura; N 8630. Depósito J. |
| 500 ## - NOTA GENERAL |
| Nota general |
Versión digital disponible en: https://www.madrid.es/UnidadesDescentralizadas/MuseosMunicipales/TemploDeDebod/Publicaciones/Cat%C3%A1logos/CATALOGO_Arqred.pdf |
| 600 #0 - PUNTO DE ACCESO ADICIONAL DE MATERIA--NOMBRE DE PERSONA |
| Nombre de persona |
Barrios Mufrege, José Miguel- |
| Subdivisión de forma |
Exposiciones |
| 9 (RLIN) |
234012 |
| 650 #7 - PUNTO DE ACCESO ADICIONAL DE MATERIA--TÉRMINO DE MATERIA |
| Término de materia o nombre geográfico como elemento de entrada |
Fotografía en arqueología |
| Subdivisión geográfica |
España |
| Subdivisión de forma |
Exposiciones |
| Fuente del encabezamiento o término |
embne |
| 9 (RLIN) |
234013 |
| 650 #0 - PUNTO DE ACCESO ADICIONAL DE MATERIA--TÉRMINO DE MATERIA |
| Término de materia o nombre geográfico como elemento de entrada |
Excavaciones arqueológicas- |
| Subdivisión geográfica |
Egipto- |
| Subdivisión de forma |
Exposiciones |
| 9 (RLIN) |
234014 |
| 655 #7 - TERMINO DE INDIZACIÓN--GENERO/FORMA |
| Datos o término principal de género/forma |
Catálogos de exposiciones |
| Fuente del término |
tgfbne |
| 9 (RLIN) |
193628 |
| 700 0# - ENTRADA AGREGADA--NOMBRE PERSONAL |
| Nombre de persona |
Molinero, Miguel Angel |
| 9 (RLIN) |
81999 |
| 710 2# - ENTRADA AGREGADA--NOMBRE DE ENTIDAD CORPORATIVA |
| Nombre de entidad corporativa o nombre de jurisdicción como elemento de entrada |
Museo de San Isidro (Madrid) |
| 9 (RLIN) |
172710 |
| 852 ## - LOCALIZACIÓN |
| Ubicación |
ES-MaACL |
| itemnumber |
200445 |
| Número de control de estantería |
N-8630 |
| Ubicación en estantería |
Depósito J |
| Nota libre |
En proceso |
| 942 ## - ELEMENTOS DE ENTRADA SECUNDARIOS (KOHA) |
| Suprimir en OPAC |
No |
| Tipo de ítem Koha |
Libro impreso |